00347nam a22001217a 4500020001800000082001400018100002200032245005700054260004700111300001300158650003200171700002200203 a9780199064779 a954.92046 a Bose, Sarmila aDead reckoning : memories of the 1971 Bangladesh War aNew York ;bOxford University Press,c2011 a239 p. : aRevolution--War and society a Bose, Sarmila